00668nam a2200217 k 4500001001300000005001500013008004100028020003300069040001900102049001700121056001300138090002000151100001400171245009300185260003900278300001600317653003500333700001400368740005700382950001100439KMO20260049120260331090642260328s2025 ulk 000 kor a9791165703646g03100c\18500 a146043c1460430 lMEM000012068 a160.226 a160.2b권53ㅊ1 a권석천10a최선의 철학b고대 철학가 12인에게 배우는 인생 기술d권석천 지음 a서울b창비b창비교육c2025 a301p.c21cm a취선a고대a철학a아동1 a권석천02a고대 철학가 12인에게 배우는 인생 기술0 b\18500 |
|---|